Análisis y evaluación de la orientación del acero de refuerzo en uniones entre placas de fundación y columnas de concreto reforzado
Guardat en:
| Autor principal: | |
|---|---|
| Format: | Llibre |
| Idioma: | Spanish |
| Publicat: |
[San José ], Costa Rica
2017
|
| Matèries: | |
| Etiquetes: |
Afegir etiqueta
Sense etiquetes, Sigues el primer a etiquetar aquest registre!
|
MARC
| LEADER | 00000nam a22000007a 4500 | ||
|---|---|---|---|
| 003 | 012794 | ||
| 005 | 20221231144245.0 | ||
| 008 | 171108b2017 cr a|||| ||m| 00| ||spa d | ||
| 040 | |c cru CEDI | ||
| 090 | |a TFG 7945 | ||
| 100 | |9 10265 |a Osborne Rovira, Andrés | ||
| 245 | |a Análisis y evaluación de la orientación del acero de refuerzo en uniones entre placas de fundación y columnas de concreto reforzado | ||
| 260 | |a [San José ], Costa Rica |c 2017 | ||
| 300 | |a xi, 126 hojas ; ilustraciones a color | ||
| 500 | |a Proyecto de graduación (licenciatura en ingeniería civil)--Universidad de Costa Rica. Facultad de Ingeniería. Escuela de Ingeniería Civil | ||
| 650 | |x GANCHOS |x NORMAS |x ANCLAJE (INGENIERIA DE ESTRUCTURAS) |x MAMPOSTERIA |x JUNTAS (COMPONENTES ESTRUCTURALES) - EVALUACION |x UNIONES (INGENIERIA) - EVALUACION |x ESFUERZO Y TENSION - PRUEBAS |9 10266 | ||
| 942 | |c TFG | ||
| 999 | |c 19182 |d 19182 | ||
